Hợp tác dầu mỏ và khí đốt Trung Quốc – Myanmar hai thập niên đầu thế kỷ XXI /

Enregistré dans:
Détails bibliographiques
Auteur principal: Hoàng Thị Minh Hoa.
Autres auteurs: Dương Thúy Hiền.
Format: Article
Langue:Vietnamese
Sujets:
Tags: Ajouter un tag
Pas de tags, Soyez le premier à ajouter un tag!
Thư viện lưu trữ: Thư viện Trường Đại học Đà Lạt
LEADER 00974nam a2200325 4500
001 DLU210195709
005 ##20210126
040 # # |a DLU  |b vie 
041 # # |a vie 
044 # # |a vn 
100 # # |a Hoàng Thị Minh Hoa. 
245 # # |a Hợp tác dầu mỏ và khí đốt Trung Quốc – Myanmar hai thập niên đầu thế kỷ XXI /  |c Hoàng Thị Minh Hoa, Dương Thúy Hiền. 
653 # # |a Chiến lược 
653 # # |a Dầu mỏ  
653 # # |a Hợp tác đầu tư 
653 # # |a Khí đốt 
653 # # |a Myanmar  
653 # # |a Trung Quốc  
700 # # |a Dương Thúy Hiền. 
773 # # |t Nghiên cứu Đông Bắc Á  |g Số 7(221), 2019, tr. 36-45 
920 # # |a Phòng Tạp chí -- Trung tâm Thông tin - Thư viện Trường Đại học Đà Lạt 
933 # # |a LS 
994 # # |a DLU 
900 # # |a True 
911 # # |a Hoàng Thị Huyền 
925 # # |a G 
926 # # |a A 
927 # # |a BB 
980 # # |a Thư viện Trường Đại học Đà Lạt